[Event "IND-ch U19"]
[Site "Ahmedabad"]
[Date "2023.09.24"]
[Round "6"]
[White "Aman, Balana"]
[Black "Rupesh, Reddy Y"]
[Result "0-1"]
[WhiteElo "1842"]
[BlackElo "1663"]
[PlyCount "68"]
[EventDate "2023.09.20"]
[EventType "swiss"]
[EventRounds "11"]
[EventCountry "IND"]
[SourceTitle "EXT 2024"]
[Source "ChessBase"]
[SourceDate "2023.10.10"]
[SourceVersion "1"]
[SourceVersionDate "2023.10.10"]
[SourceQuality "1"]

1. e4 c5 2. Nf3 d6 3. d4 cxd4 4. Nxd4 Nf6 5. Nc3 a6 6. Bg5 e6 7. f4 Qb6 8. Nb3 Qe3+ 9. Qe2 Ng4 10. Nd1 Qxe2+ 11. Bxe2 Nf6 12. Nc3 Nbd7 13. Na5 b6 14. Nc4 b5 15. Na5 b4 16. Na4 Nxe4 17. Bf3 d5 18. Bxe4 dxe4 19. 0-0-0 f6 20. Bh4 h6 21. Rhe1 g5 22. Bf2 f5 23. g4 Be7 24. gxf5 exf5 25. Rd5 Nf6 26. Re5 Ng4 27. Bd4 Nxe5 28. Bxe5 0-0 29. Nb6 Ra7 30. Nc6 Bc5 31. Nxa7 Bxb6 32. Nc6 Bb7 33. Nxb4 a5 34. fxg5 hxg5 0-1